000 00592nam a2200241Ia 4500
003 OSt
005 20220924151042.0
006 a|||||r|||| 00| 0
007 ta
008 220923b |||||||| |||| 00| 0 tel d
020 _c1.50
024 _a335829
037 _cTextual
040 _aARTS
_cARTS
_btel
041 _2tel
_atel
082 _a035,3NBHx, K1
100 _aRao Bhaskara Au.
_9223450
245 0 _aDonka tirugudu
260 _c1961
650 _aTELUGU FICTION
942 _h035,3NBHx, K1
_cTEXL
_2CC
999 _c465359
_d465359